W jakiej reprezentacji gra ten piłkarz #3 - Statystyki

Ogólne statystyki
  • Ten quiz został rozwiązany 126 razy
  • Średni wynik to 10 z 15
Statystyki odpowiedzi
Hint Odpowiedź % Poprawnych
Rui Patricio Portugalia
96%
Jeison Murillo Kolumbia
83%
Goran Pandev Macedonia
83%
Salomon Rondon Wenezuela
74%
Victor Ibarbo Kolumbia
72%
Wahbi Khazri Tunezja
72%
Rune Jarstein Norwegia
69%
Chris Wood Nowa Zelandia
68%
Vladimir Darida Czechy
66%
Nicolas N'Koulou Kamerun
65%
Nico Elvedi Szwajcaria
59%
Robert Skov Dania
58%
Georgi Zhukov Kazachstan
57%
Adam Marusic Czarnogóra
49%
Felicio Brown-Forbes Kostaryka
27%
Nie znaleziono quizów pasujących do podanych kryteriów
Rozkład punktacji
Procent ludzi z każdym wynikiem
Percentyl według liczby udzielonych odpowiedzi
Twoja historia wyników
Nie rozwiązałeś tego quizu